US States by Last Two Letters in 30 Seconds - Statistics

General Stats
  • This quiz has been taken 1,037 times
  • The average score is 28 of 50
Answers on the Map
Answers color-coded by a green-red scale on the quiz's map according to % correct below.
 
Answer Stats
State % Correct
California
93%
Georgia
93%
Pennsylvania
93%
Virginia
93%
West Virginia
93%
Arizona
89%
Indiana
89%
Louisiana
89%
Montana
89%
North Carolina
89%
South Carolina
89%
Arkansas
85%
Kansas
85%
Texas
85%
Oregon
82%
Washington
82%
Florida
80%
Nevada
80%
Alaska
69%
Nebraska
69%
Minnesota
60%
North Dakota
60%
South Dakota
60%
Idaho
59%
Alabama
54%
Oklahoma
54%
New York
53%
Colorado
51%
Utah
48%
Maine
43%
New Mexico
43%
Michigan
39%
Wyoming
39%
Illinois
37%
Hawaii
36%
Ohio
35%
Iowa
33%
Wisconsin
31%
Mississippi
29%
Kentucky
28%
Delaware
27%
New Hampshire
27%
Tennessee
27%
Maryland
24%
Rhode Island
24%
Missouri
22%
New Jersey
22%
Massachusetts
20%
Vermont
19%
Connecticut
15%
No matching quizzes found
Score Distribution
Percent of People with Each Score
Percentile by Number Answered
Your Score History
You have not taken this quiz